000 00717nam a22002057a 4500
999 _c19596
_d19596
003 AR-CdUCM
008 190518b ||||| |||| 00| 0 spa d
040 _aMUNICIPALIDAD PROVINCIAL DEL CUSCO
_cBIBLIOTECA MUNICIPAL DEL CUSCO
082 _a869.56 /
_bE24
110 _aDepartamento de relaciones publicas de petroperu
_941026
245 _aPremios cope de cuento 1979 /
260 _aLima :
_bCope,
_c1979.
300 _a333 páginas ;
_c22 cm.
505 _aContenido: Acta del jurado -- Prologo por Ricardo Gonzales Vigil -- Vacaciones de Albania, por José B. Adolph ...
650 _aLiteratura
_983
650 _aPeruana
_925277
650 _aSiglo XX
_98
942 _2ddc
_cLIBROS
945 _arah
_d2019-05-18